Statistics for Maiores Ilhas do Mundo

Click here to take the quiz!

General Stats

  • This quiz has been taken 1,291 times
  • The average score is 6 of 26

Answer Stats

km2 Ilha % Correct
587,713Madagascar
90%
105,806Cuba
69%
101,826Islândia
65%
2,130,800Groelândia
64%
84,421Irlanda
52%
67,655Sri Lanka
50%
209,331Grã-Bretanha
27%
785,753Nova Guiné
20%
138,794Java
19%
443,066Sumatra
18%
748,168Bornéu
16%
111,583Ilha Norte
15%
145,836Ilha Sul
15%
78,719Hokkaido
14%
225,800Honshu
13%
65,022Tasmânia
13%
73,929Ilha de São Domingos
12%
507,451Ilha de Baffin
9%
109,965Luzon
7%
196,236Ilha de Ellesmere
6%
217,291Ilha Victoria
6%
97,530Mindanao
6%
180,681Celebes
6%
108,860Terra Nova
5%
72,493Sacalina
5%
70,028Ilha Banks
5%

Score Distribution

Percentile by Number Answered

Percent of People with Each Score

Your Score History

You have not taken this quiz